[Event "Bronshoj Lang Weekend 2014"]
[Site "Bronshoj"]
[Date "2014.02.09"]
[Round "4"]
[White "Kuehn, Morten"]
[Black "Kyrkjebo, Hanna Bakken"]
[Result "1/2-1/2"]
[WhiteElo "1803"]
[BlackElo "1672"]
[PlyCount "78"]
[EventDate "2014.??.??"]
[EventType "swiss"]
[EventRounds "7"]
[EventCountry "DEN"]


1. e4 e5 2. Nf3 Nc6 3. Bc4 Bc5 4. b4 Bxb4 5. c3 Ba5 6. d4 exd4 7. O-O Nge7 8.
cxd4 d5 9. exd5 Nxd5 10. Qb3 Be6 11. Qxb7 Ndb4 12. Bb5 O-O 13. Bxc6 Rb8 14.
Qxa7 Nxc6 15. Qc5 Bd5 16. Nbd2 Bb6 17. Qc2 Nxd4 18. Nxd4 Bxd4 19. Rb1 Rxb1 20.
Nxb1 Qa8 21. Be3 Bxe3 22. fxe3 Qxa2 23. Qxa2 Bxa2 24. Rc1 Rc8 25. Nc3 Be6 26.
e4 c5 27. Kf2 Kf8 28. Ke3 Rd8 29. Nb5 c4 30. Nd4 Rc8 31. Nxe6+ fxe6 32. Kd4 Ke7
33. Rxc4 Rxc4+ 34. Kxc4 Kd6 35. Kd4 e5+ 36. Kc4 Kc6 37. h3 h6 38. g3 g6 39. g4
g5 1/2-1/2

[Event "Bronshoj Lang Weekend 2014"]
[Site "Bronshoj"]
[Date "2014.02.09"]
[Round "4"]
[White "Jensen, Jonbert"]
[Black "Kyrkjebo, Eirik"]
[Result "0-1"]
[WhiteElo "1400"]
[BlackElo "1693"]
[PlyCount "110"]
[EventDate "2014.??.??"]
[EventType "swiss"]
[EventRounds "7"]
[EventCountry "DEN"]


1. e4 d5 2. exd5 Nf6 3. Bb5+ Bd7 4. Bxd7+ Qxd7 5. Nf3 Nxd5 6. O-O Nc6 7. c4
Ndb4 8. d4 Qf5 9. d5 O-O-O 10. Na3 e6 11. Nd4 Nxd4 12. Qxd4 Nc6 13. Qe3 exd5
14. Nb5 d4 15. Qf4 Qd7 16. Bd2 a6 17. Na3 Bd6 18. Qh4 d3 19. Nb1 Rhe8 20. Nc3
Nd4 21. Be3 Nf5 22. Qh3 Nxe3 23. Qxd7+ Rxd7 24. fxe3 Rxe3 25. Rfe1 Bc5 26. Kh1
Rxe1+ 27. Rxe1 d2 28. Re8+ Rd8 29. Rxd8+ Kxd8 30. g4 Bd4 31. Nd1 b5 32. cxb5
axb5 33. Kg2 Kd7 34. Kf3 Kd6 35. Ke2 Ke5 36. Kxd2 Kf4 37. Kd3 c5 38. b4 Kxg4
39. bxc5 Bxc5 40. Nc3 b4 41. Nd5 f5 42. Kc4 Bd6 43. Ne3+ Kg5 44. h4+ Kf4 45.
Nc2 Kg3 46. Kd5 Bf8 47. Nd4 f4 48. Ke4 Kg4 49. Nf3 Bd6 50. Nd4 h6 51. Nf5 f3
52. Ne3+ Kg3 53. Nf5+ Kg2 54. Ne3+ Kf2 55. Kd3 Kg1 0-1

[Event "Bronshoj Lang Weekend 2014"]
[Site "Bronshoj"]
[Date "2014.02.09"]
[Round "4"]
[White "Pedersen, Bo V"]
[Black "Jorgensen, Orla Eilegaard"]
[Result "0-1"]
[WhiteElo "1312"]
[BlackElo "1449"]
[PlyCount "54"]
[EventDate "2014.??.??"]
[EventType "swiss"]
[EventRounds "7"]
[EventCountry "DEN"]


1. d4 d5 2. c4 Nf6 3. Nc3 dxc4 4. Bg5 h6 5. Bh4 a6 6. a4 Bf5 7. e3 e6 8. Bxc4
Nc6 9. Bd3 Bxd3 10. Qxd3 Nb4 11. Qb1 c5 12. Nge2 cxd4 13. exd4 Qc7 14. Bxf6
gxf6 15. O-O Bd6 16. g3 h5 17. Ne4 h4 18. Nxf6+ Ke7 19. Ne4 hxg3 20. fxg3 f5
21. Nxd6 Qxd6 22. Qc1 Rac8 23. Qg5+ Kf7 24. Rac1 Nc2 25. Qd2 Qd5 26. Rxc2 Rxh2
27. Rc7+ Kf6 0-1

[Event "Bronshoj Lang Weekend 2014"]
[Site "Bronshoj"]
[Date "2014.02.09"]
[Round "5"]
[White "Luther, Lasse"]
[Black "Stojanovski, Sandi"]
[Result "1/2-1/2"]
[WhiteElo "2014"]
[BlackElo "2252"]
[PlyCount "34"]
[EventDate "2014.??.??"]
[EventType "swiss"]
[EventRounds "7"]
[EventCountry "DEN"]


1. e4 c5 2. Nf3 Nc6 3. d4 cxd4 4. Nxd4 Nf6 5. Nc3 e5 6. Ndb5 d6 7. Bg5 a6 8.
Na3 b5 9. Nd5 Be7 10. Bxf6 Bxf6 11. c4 b4 12. Nc2 a5 13. Be2 O-O 14. O-O Bg5
15. Nce3 a4 16. Qd3 g6 17. Rad1 Qa5 1/2-1/2

[Event "Bronshoj Lang Weekend 2014"]
[Site "Bronshoj"]
[Date "2014.02.09"]
[Round "5"]
[White "Rydstrom, Tom"]
[Black "Brzezinski, Adam"]
[Result "1/2-1/2"]
[WhiteElo "2163"]
[BlackElo "2142"]
[PlyCount "32"]
[EventDate "2014.??.??"]
[EventType "swiss"]
[EventRounds "7"]
[EventCountry "DEN"]


1. e4 e6 2. d4 d5 3. Nc3 Bb4 4. e5 c5 5. a3 Bxc3+ 6. bxc3 Qa5 7. Bd2 Qa4 8. Nf3
Nc6 9. Qb1 c4 10. Be2 Nge7 11. O-O Bd7 12. Qxb7 Rb8 13. Qc7 Rc8 14. Qb7 Rb8 15.
Qc7 Rc8 16. Qb7 Rb8 1/2-1/2

[Event "Bronshoj Lang Weekend 2014"]
[Site "Bronshoj"]
[Date "2014.02.09"]
[Round "5"]
[White "Nielsen, Viktor Haarmark"]
[Black "Smith, Axel"]
[Result "0-1"]
[WhiteElo "2007"]
[BlackElo "2489"]
[PlyCount "84"]
[EventDate "2014.??.??"]
[EventType "swiss"]
[EventRounds "7"]
[EventCountry "DEN"]


1. e4 c5 2. c3 g6 3. Nf3 Bg7 4. d4 cxd4 5. cxd4 d5 6. e5 Nc6 7. Nc3 Nh6 8. h3
O-O 9. Be2 f6 10. exf6 exf6 11. O-O Be6 12. Bf4 Nf5 13. Qd2 Rc8 14. Rfd1 Nd6
15. Bf1 Re8 16. Re1 Qd7 17. b3 Bf8 18. Rac1 Nf5 19. Red1 Ba3 20. Rb1 Bb4 21.
Rbc1 Ba3 22. Rb1 Bb4 23. Rbc1 Nd6 24. Qb2 Bf7 25. Na4 Ne4 26. a3 Bf8 27. Nc5
Nxc5 28. dxc5 Bg7 29. b4 a6 30. Qd2 Ne5 31. Nd4 Nc4 32. Qc3 Re4 33. Bg3 f5 34.
f3 Re3 35. Rd3 Rxd3 36. Bxd3 Nxa3 37. Re1 Re8 38. Bf2 Nc4 39. Rxe8+ Qxe8 40.
Qa1 Ne3 41. Qc3 f4 42. Be1 Nd1 0-1

[Event "Bronshoj Lang Weekend 2014"]
[Site "Bronshoj"]
[Date "2014.02.09"]
[Round "5"]
[White "Pedersen, Jan Nordenbaek"]
[Black "Jacobsen, Mikkel Manosri"]
[Result "1/2-1/2"]
[WhiteElo "2243"]
[BlackElo "2054"]
[PlyCount "33"]
[EventDate "2014.??.??"]
[EventType "swiss"]
[EventRounds "7"]
[EventCountry "DEN"]


1. e4 c6 2. d4 d5 3. Nd2 dxe4 4. Nxe4 Nf6 5. Nxf6+ exf6 6. Bc4 Bd6 7. Qe2+ Qe7
8. Qxe7+ Kxe7 9. Ne2 Be6 10. Bxe6 fxe6 11. Bd2 Nd7 12. O-O-O Rad8 13. Rhe1 Rhe8
14. Nc3 Kf7 15. Ne4 Bc7 16. g3 e5 17. Bc3 1/2-1/2

[Event "Bronshoj Lang Weekend 2014"]
[Site "Bronshoj"]
[Date "2014.02.09"]
[Round "5"]
[White "Ulrich, Thomas"]
[Black "Thuesen, Mogens Henrik"]
[Result "0-1"]
[WhiteElo "2026"]
[BlackElo "2209"]
[PlyCount "128"]
[EventDate "2014.??.??"]
[EventType "swiss"]
[EventRounds "7"]
[EventCountry "DEN"]


1. e4 c5 2. Nf3 e6 3. b3 Nf6 4. e5 Nd5 5. Bb2 d6 6. exd6 Qxd6 7. Nc3 Nxc3 8.
Bxc3 Nc6 9. Bb5 Bd7 10. O-O a6 11. Bxc6 Bxc6 12. Ne5 Be7 13. Nxc6 Qxc6 14. Qe2
O-O 15. Rfe1 Rfd8 16. Qg4 Bf8 17. Re3 g6 18. Qf4 Bg7 19. Bxg7 Kxg7 20. Rf3 Qe8
21. Rh3 h5 22. Re1 Rd5 23. Re5 Rad8 24. d3 f6 25. Rxd5 Rxd5 26. Qc7+ Qf7 27.
Qxf7+ Kxf7 28. a4 c4 29. b4 c3 30. Rh4 b5 31. axb5 axb5 32. Re4 f5 33. Re1 e5
34. f3 Kf6 35. Kf2 Rd4 36. Rb1 e4 37. fxe4 fxe4 38. Ke3 Ke5 39. Rb3 exd3 40.
cxd3 Kd5 41. g3 h4 42. gxh4 Rxh4 43. Rxc3 Rxb4 44. Rc8 Rh4 45. Rg8 Rh3+ 46. Kd2
Rxh2+ 47. Kc3 Rg2 48. Rd8+ Kc6 49. Rc8+ Kb7 50. Rc5 Kb6 51. Rc8 Rg1 52. Rb8+
Kc6 53. d4 g5 54. Kd3 g4 55. Ke4 Re1+ 56. Kd3 g3 57. Rg8 Rd1+ 58. Kc2 Rg1 59.
Rg5 g2 60. Kb2 b4 61. Ka2 b3+ 62. Kb2 Kd6 63. d5 Kc5 64. Rg3 Kxd5 0-1

[Event "Bronshoj Lang Weekend 2014"]
[Site "Bronshoj"]
[Date "2014.02.09"]
[Round "5"]
[White "Jorgensen, Mikkel"]
[Black "Nohr, Finn"]
[Result "1/2-1/2"]
[WhiteElo "1811"]
[BlackElo "2076"]
[PlyCount "47"]
[EventDate "2014.??.??"]
[EventType "swiss"]
[EventRounds "7"]
[EventCountry "DEN"]


1. e4 e5 2. Nf3 Nc6 3. Bb5 a6 4. Ba4 Nge7 5. O-O g6 6. c3 Bg7 7. Re1 b5 8. Bc2
O-O 9. d3 Bb7 10. Nbd2 d5 11. Qe2 d4 12. a3 dxc3 13. bxc3 Na5 14. Nb3 Nxb3 15.
Bxb3 c5 16. Be3 Qc7 17. a4 c4 18. dxc4 bxc4 19. Qxc4 Qxc4 20. Bxc4 Rac8 21. Nd2
Rfd8 22. Rab1 Bxe4 23. Bxf7+ Kxf7 24. Nxe4 1/2-1/2

[Event "Bronshoj Lang Weekend 2014"]
[Site "Bronshoj"]
[Date "2014.02.09"]
[Round "5"]
[White "Vovk, Oksana"]
[Black "Chernyak, Viktoria"]
[Result "1/2-1/2"]
[WhiteElo "2083"]
[BlackElo "2018"]
[PlyCount "39"]
[EventDate "2014.??.??"]
[EventType "swiss"]
[EventRounds "7"]
[EventCountry "DEN"]


1. d4 Nf6 2. c4 g6 3. g3 Bg7 4. Bg2 d6 5. Nc3 c6 6. e4 O-O 7. Nge2 e5 8. O-O
Nbd7 9. h3 Qe7 10. Re1 Rd8 11. Be3 Nf8 12. Qc2 h5 13. Rad1 Bd7 14. Nc1 b6 15.
dxe5 dxe5 16. c5 b5 17. b4 Be8 18. Nb3 Rxd1 19. Rxd1 Rd8 20. Rxd8 1/2-1/2

[Event "Bronshoj Lang Weekend 2014"]
[Site "Bronshoj"]
[Date "2014.02.09"]
[Round "5"]
[White "Nielsen, Klaus"]
[Black "Nielsen, Michael(1983)"]
[Result "1-0"]
[WhiteElo "2056"]
[BlackElo "2148"]
[PlyCount "63"]
[EventDate "2014.??.??"]
[EventType "swiss"]
[EventRounds "7"]
[EventCountry "DEN"]


1. d4 e6 2. c4 f5 3. Nc3 Nf6 4. Qc2 d5 5. Bg5 c6 6. e3 Be7 7. Bd3 O-O 8. Nge2
Ne4 9. Bxe7 Qxe7 10. f3 Nxc3 11. Qxc3 b6 12. b4 Ba6 13. O-O Nd7 14. a4 Rac8 15.
Rfb1 dxc4 16. Bxc4 Bxc4 17. Qxc4 c5 18. bxc5 bxc5 19. Rb7 Qd6 20. Rxa7 Nb6 21.
Qa6 cxd4 22. Qb7 Qe5 23. exd4 Qe3+ 24. Kf1 Qh6 25. Qxb6 Qxh2 26. Qxe6+ Kh8 27.
Qe5 Qh6 28. Re7 Rg8 29. Qxf5 Qh4 30. Qe4 Qh1+ 31. Ng1 Rb8 32. Rb1 1-0

[Event "Bronshoj Lang Weekend 2014"]
[Site "Bronshoj"]
[Date "2014.02.09"]
[Round "5"]
[White "Christophersen, David"]
[Black "Petersen, Peter Birk"]
[Result "0-1"]
[WhiteElo "1694"]
[BlackElo "2098"]
[PlyCount "78"]
[EventDate "2014.??.??"]
[EventType "swiss"]
[EventRounds "7"]
[EventCountry "DEN"]


1. d4 g6 2. e4 Bg7 3. Nc3 d6 4. Be3 a6 5. Bc4 b5 6. Bb3 Bb7 7. f3 Nd7 8. a3
Ngf6 9. Nge2 Rc8 10. Qd2 h6 11. g4 c5 12. O-O-O cxd4 13. Nxd4 Nc5 14. Ba2 h5
15. g5 Nfd7 16. Kb1 O-O 17. Nde2 Ne5 18. f4 Nf3 19. Qc1 Nxe4 20. Nd5 Nc5 21.
Bf2 e6 22. Nf6+ Bxf6 23. gxf6 Ne4 24. f5 exf5 25. Rhg1 Kh7 26. Nf4 Nxg1 27.
Rxg1 Nxf2 28. Nxh5 d5 29. Qg5 Ng4 30. h3 Qb6 31. Rg3 Qf2 32. Bb3 Nh6 33. Nf4
Rg8 34. h4 Rce8 35. Rg2 Qf1+ 36. Ka2 Re1 37. Bxd5 Bxd5+ 38. Nxd5 Ra1+ 39. Kb3
Qc4# 0-1

[Event "Bronshoj Lang Weekend 2014"]
[Site "Bronshoj"]
[Date "2014.02.09"]
[Round "5"]
[White "Krull, Carl"]
[Black "Ronsted, Torben"]
[Result "0-1"]
[WhiteElo "1660"]
[BlackElo "2011"]
[PlyCount "58"]
[EventDate "2014.??.??"]
[EventType "swiss"]
[EventRounds "7"]
[EventCountry "DEN"]


1. e4 c5 2. Nf3 d6 3. d4 cxd4 4. Qxd4 a6 5. Nc3 Nc6 6. Qd1 g6 7. Bc4 Bg7 8. Bf4
Nf6 9. e5 Nh5 10. Bg3 Nxg3 11. hxg3 Nxe5 12. Nxe5 Bxe5 13. Qf3 e6 14. O-O-O Qc7
15. Bb3 Bd7 16. Rh2 Bc6 17. Qe3 O-O-O 18. Rdh1 h5 19. f4 Bg7 20. Ne4 Bxe4 21.
Qxe4 d5 22. Qf3 Qc5 23. g4 hxg4 24. Qxg4 Rxh2 25. Rxh2 Qg1+ 26. Kd2 Qxh2 27.
Qf3 Bh6 28. Qc3+ Kb8 29. Qe5+ Ka8 0-1

[Event "Bronshoj Lang Weekend 2014"]
[Site "Bronshoj"]
[Date "2014.02.09"]
[Round "5"]
[White "Christensen, Esben"]
[Black "Karlsson, Ulf"]
[Result "1-0"]
[WhiteElo "1976"]
[BlackElo "1986"]
[PlyCount "75"]
[EventDate "2014.??.??"]
[EventType "swiss"]
[EventRounds "7"]
[EventCountry "DEN"]


1. e4 c5 2. Nf3 Nc6 3. d4 cxd4 4. Nxd4 e5 5. Nb5 d6 6. a4 Nf6 7. N1c3 a6 8. Na3
Bg4 9. f3 Be6 10. Bc4 Be7 11. Nd5 Rc8 12. Be3 Bxd5 13. Bxd5 Nxd5 14. Qxd5 Qa5+
15. Qxa5 Nxa5 16. O-O-O Nc4 17. Nxc4 Rxc4 18. b3 Rc6 19. Rd5 Bd8 20. Rhd1 Ke7
21. Kb2 Bb6 22. Bxb6 Rxb6 23. c4 Rc8 24. Ka3 Rc5 25. Rxc5 dxc5 26. Rd5 Rc6 27.
Rxe5+ Kd7 28. Rd5+ Ke7 29. a5 Rh6 30. Rxc5 Kd7 31. Rd5+ Kc7 32. Rg5 g6 33. h3
Rh4 34. Re5 Kd7 35. Kb4 Rf4 36. Rd5+ Kc7 37. e5 Rf5 38. Kc5 1-0

[Event "Bronshoj Lang Weekend 2014"]
[Site "Bronshoj"]
[Date "2014.02.09"]
[Round "5"]
[White "Kyrkjebo, Marte Bakken"]
[Black "Kokholm, Daniel"]
[Result "1-0"]
[WhiteElo "1719"]
[BlackElo "1845"]
[PlyCount "92"]
[EventDate "2014.??.??"]
[EventType "swiss"]
[EventRounds "7"]
[EventCountry "DEN"]


1. e4 d6 2. d4 Nf6 3. Nc3 Nbd7 4. f3 e5 5. Be3 c6 6. Qd2 Be7 7. O-O-O a6 8. g4
b5 9. h4 h6 10. Nh3 Ng8 11. g5 Qa5 12. Kb1 h5 13. f4 b4 14. Ne2 c5 15. dxe5
dxe5 16. fxe5 Qc7 17. Nef4 Nxe5 18. Nd5 Qa5 19. Bf4 f6 20. Bxe5 fxe5 21. Bc4
Bg4 22. Rdf1 O-O-O 23. Rf7 Bf8 24. Qh2 Bd6 25. Rxg7 Bf3 26. Re1 b3 27. Nc3
bxc2+ 28. Kxc2 Ne7 29. Rf7 Ng6 30. Rxf3 Nxh4 31. Rf6 Be7 32. Rxa6 Qb4 33. Ra4
Qb6 34. Ra8+ Kb7 35. Rxd8 Qxd8 36. Bd5+ Ka7 37. Qg3 Ng6 38. Nb5+ Kb6 39. a4 Ka5
40. b3 h4 41. Qc3+ Kb6 42. Ra1 Qd7 43. a5+ Ka6 44. Qd3 c4 45. Bxc4 Qxd3+ 46.
Kxd3 Bd6 1-0

[Event "Bronshoj Lang Weekend 2014"]
[Site "Bronshoj"]
[Date "2014.02.09"]
[Round "5"]
[White "Olsen, Michael Richard W"]
[Black "Ohayv, Nikolaj"]
[Result "0-1"]
[WhiteElo "1933"]
[BlackElo "1760"]
[PlyCount "76"]
[EventDate "2014.??.??"]
[EventType "swiss"]
[EventRounds "7"]
[EventCountry "DEN"]


1. e4 e5 2. Nf3 Nc6 3. Bc4 Be7 4. b4 d6 5. c3 Nf6 6. Qb3 O-O 7. d3 a5 8. b5 a4
9. Qc2 Nb8 10. d4 Nbd7 11. O-O c6 12. Rd1 Qc7 13. Bd3 c5 14. dxe5 dxe5 15. c4
Re8 16. Nc3 Nb6 17. Nd5 Nbxd5 18. exd5 Bg4 19. h3 Bxf3 20. gxf3 e4 21. fxe4 Qe5
22. Be3 Qh5 23. Bf1 Bd6 24. Bg2 Qg6 25. f3 Qg3 26. Qf2 Qg6 27. Bxc5 Bg3 28. Qe2
Nh5 29. Be3 Be5 30. Rab1 f5 31. f4 Bxf4 32. Bxf4 Nxf4 33. Qf3 Rxe4 34. Rd2 Rae8
35. Rf1 Ne2+ 36. Rxe2 Rxe2 37. c5 R8e3 38. Qxe3 Qxg2# 0-1

[Event "Bronshoj Lang Weekend 2014"]
[Site "Bronshoj"]
[Date "2014.02.09"]
[Round "5"]
[White "Moller, Arne Vagn"]
[Black "Henriksen, Christian Steen"]
[Result "1/2-1/2"]
[WhiteElo "1783"]
[BlackElo "1679"]
[PlyCount "67"]
[EventDate "2014.??.??"]
[EventType "swiss"]
[EventRounds "7"]
[EventCountry "DEN"]


1. e4 e6 2. d4 d5 3. Nc3 Bb4 4. e5 c5 5. a3 Bxc3+ 6. bxc3 Qc7 7. Nf3 Nc6 8. Bb2
Nge7 9. Bd3 Bd7 10. a4 c4 11. Be2 h5 12. Ba3 Nf5 13. Ng5 g6 14. Bxc4 Nxe5 15.
dxe5 Qxc4 16. Qd2 Qg4 17. g3 Bc6 18. f3 Qc4 19. Kf2 Bxa4 20. Rhb1 Bb5 21. Rb4
Qc6 22. Rab1 a6 23. R4b2 Qc4 24. Rb3 Qc7 25. f4 Qc4 26. Bb4 Rc8 27. Ba3 Qc6 28.
Nf3 Qc4 29. Ng5 Qc6 30. h4 Qc4 31. Nf3 Kd7 32. Ng5 Ke8 33. Rd1 Qc6 34. Rdb1
1/2-1/2

[Event "Bronshoj Lang Weekend 2014"]
[Site "Bronshoj"]
[Date "2014.02.09"]
[Round "5"]
[White "Marshall, Michael"]
[Black "Pedersen, Thorben Landstrom"]
[Result "1-0"]
[WhiteElo "1839"]
[BlackElo "1466"]
[PlyCount "79"]
[EventDate "2014.??.??"]
[EventType "swiss"]
[EventRounds "7"]
[EventCountry "DEN"]


1. d4 d5 2. Nf3 Nc6 3. e3 a6 4. b3 Nf6 5. Bb2 Bg4 6. h3 Bh5 7. Be2 e6 8. O-O
Bd6 9. Nbd2 Nd7 10. c4 Bg6 11. Rc1 f6 12. Re1 Nb4 13. a3 Nd3 14. Bxd3 Bxd3 15.
e4 Kf7 16. Rc3 dxe4 17. Nxe4 Bxe4 18. Rxe4 Nc5 19. Re1 Nd7 20. Rce3 Re8 21. Qc2
Nf8 22. c5 Bf4 23. Re4 Bh6 24. Nh2 Qd5 25. g3 g6 26. R4e2 c6 27. Ng4 Bg7 28.
Ne3 Qd7 29. Nc4 Kg8 30. Nb6 Qd8 31. Nxa8 Qxa8 32. Bc1 Qd8 33. Qc4 f5 34. Be3
Qd7 35. Rd2 h6 36. Bf4 Kh7 37. Bd6 e5 38. dxe5 Bxe5 39. Bxe5 Qxd2 40. Qf7# 1-0

[Event "Bronshoj Lang Weekend 2014"]
[Site "Bronshoj"]
[Date "2014.02.09"]
[Round "5"]
[White "Kyrkjebo, Hanna Bakken"]
[Black "Andreasen, Rene"]
[Result "1-0"]
[WhiteElo "1672"]
[BlackElo "1768"]
[PlyCount "41"]
[EventDate "2014.??.??"]
[EventType "swiss"]
[EventRounds "7"]
[EventCountry "DEN"]


1. e4 c6 2. d4 d5 3. e5 c5 4. dxc5 Nc6 5. Nf3 Bg4 6. c3 e6 7. b4 Qc7 8. Nbd2
Nxe5 9. Qa4+ Nd7 10. Bb5 Bxf3 11. Nxf3 Ne7 12. O-O Nc6 13. c4 dxc4 14. Bb2 Rc8
15. Bxc4 a6 16. Qb3 Qf4 17. Rad1 Nf6 18. Bxe6 fxe6 19. Qxe6+ Ne7 20. Ne5 Nfd5
21. Qd7# 1-0

[Event "Bronshoj Lang Weekend 2014"]
[Site "Bronshoj"]
[Date "2014.02.09"]
[Round "5"]
[White "Marthedal, Anton Mehmet Yildiz"]
[Black "Kuehn, Morten"]
[Result "1-0"]
[WhiteElo "1738"]
[BlackElo "1803"]
[PlyCount "115"]
[EventDate "2014.??.??"]
[EventType "swiss"]
[EventRounds "7"]
[EventCountry "DEN"]


1. d4 Nf6 2. Nf3 c5 3. c3 b6 4. Bf4 Bb7 5. Nbd2 e6 6. e3 Be7 7. Bd3 d5 8. Ne5
c4 9. Bc2 a6 10. Qf3 Qc8 11. Qh3 Nbd7 12. Ndf3 Nxe5 13. Nxe5 h6 14. g4 Nd7 15.
Nf3 Qd8 16. g5 h5 17. g6 f5 18. O-O-O Bf6 19. Rdg1 Nf8 20. Rg3 Qe7 21. Qg2
O-O-O 22. Rh3 h4 23. Rg1 Rd7 24. Bg5 Rh5 25. Bxf6 Qxf6 26. Ne5 Rc7 27. Nf7 Rxf7
28. gxf7 g5 29. f3 Qxf7 30. e4 dxe4 31. fxe4 g4 32. Re3 f4 33. Ree1 g3 34. Ref1
Rh6 35. hxg3 h3 36. Qh2 f3 37. Qd2 Rf6 38. Rf2 Qh5 39. g4 Qh4 40. g5 Rf4 41.
Rgf1 Qg3 42. Qd1 Qxg5 43. Kb1 Ng6 44. Rxf3 Rg4 45. Rxh3 Rg2 46. Rhh1 Rd2 47.
Qf3 Rg2 48. Rh5 Qd2 49. Qd1 Qxd1+ 50. Rxd1 Nf4 51. Rh8+ Kc7 52. Rh7+ Kc8 53.
Rf1 Rg4 54. Bd1 Bxe4+ 55. Ka1 Rg2 56. Rh4 Bd3 57. Rhxf4 Bxf1 58. Rxf1 1-0

[Event "Bronshoj Lang Weekend 2014"]
[Site "Bronshoj"]
[Date "2014.02.09"]
[Round "5"]
[White "Kyrkjebo, Eirik"]
[Black "Schmidt, Horst Hubert"]
[Result "0-1"]
[WhiteElo "1693"]
[BlackElo "1663"]
[PlyCount "49"]
[EventDate "2014.??.??"]
[EventType "swiss"]
[EventRounds "7"]
[EventCountry "DEN"]


1. e4 e6 2. d4 d5 3. Nd2 Nf6 4. e5 Nfd7 5. Bd3 c5 6. c3 Nc6 7. Ne2 Be7 8. O-O
O-O 9. Nf3 f6 10. Nf4 Ndxe5 11. dxe5 fxe5 12. Nxe5 Nxe5 13. Bxh7+ Kxh7 14. Qh5+
Kg8 15. Qxe5 Bd6 16. Nxe6 Bxe5 17. Nxd8 Rxd8 18. Re1 Bf6 19. Bf4 Bf5 20. Re2 d4
21. cxd4 cxd4 22. Rd2 Rac8 23. Rad1 d3 24. Be3 b6 25. b4 0-1

[Event "Bronshoj Lang Weekend 2014"]
[Site "Bronshoj"]
[Date "2014.02.09"]
[Round "5"]
[White "Mouritsen, Jan"]
[Black "Kristensen, Lars Ostergaard"]
[Result "1/2-1/2"]
[WhiteElo "1824"]
[BlackElo "1455"]
[PlyCount "82"]
[EventDate "2014.??.??"]
[EventType "swiss"]
[EventRounds "7"]
[EventCountry "DEN"]


1. d4 d5 2. Nf3 e6 3. c4 c5 4. cxd5 exd5 5. Nc3 c4 6. g3 Nc6 7. Bg2 Nf6 8. O-O
Be7 9. Ne5 O-O 10. Nxc6 bxc6 11. e4 Rb8 12. e5 Ne8 13. f4 g6 14. g4 Ng7 15. Bh3
f5 16. exf6 Rxf6 17. Bg2 Be6 18. Rb1 Qd7 19. h3 c5 20. Be3 cxd4 21. Bxd4 Rf7
22. Bxg7 Kxg7 23. Bxd5 Bxd5 24. Qxd5 Qxd5 25. Nxd5 Bc5+ 26. Kg2 Rd7 27. Nc3
Rd2+ 28. Kg3 Rbxb2 29. Rxb2 Rxb2 30. Na4 Rb5 31. Rc1 a5 32. Rxc4 Bb4 33. Kf3
Rd5 34. Re4 Rd2 35. Re2 Rd3+ 36. Kg2 Bd6 37. Nb2 Rc3 38. Nd1 Rc1 39. Nf2 Rc4
40. Nd3 Bxf4 41. Nxf4 Rxf4 1/2-1/2

[Event "Bronshoj Lang Weekend 2014"]
[Site "Bronshoj"]
[Date "2014.02.09"]
[Round "5"]
[White "Jorgensen, Orla Eilegaard"]
[Black "Jensen, Simon Stibolt"]
[Result "0-1"]
[WhiteElo "1449"]
[BlackElo "1552"]
[PlyCount "72"]
[EventDate "2014.??.??"]
[EventType "swiss"]
[EventRounds "7"]
[EventCountry "DEN"]


1. Nf3 f5 2. b3 Nf6 3. Bb2 e6 4. c4 c6 5. e3 d5 6. cxd5 cxd5 7. Bb5+ Bd7 8.
Bxd7+ Nbxd7 9. d3 Be7 10. Nbd2 Qa5 11. O-O O-O 12. Ne5 Rac8 13. a4 Rc7 14. Rc1
Rfc8 15. Rxc7 Rxc7 16. Ndf3 Qb6 17. Nxd7 Nxd7 18. d4 Rc6 19. Ne5 Nxe5 20. dxe5
Bc5 21. Bd4 Bxd4 22. Qxd4 Qxd4 23. exd4 Rc3 24. b4 Rc4 25. a5 Rxb4 26. Rc1 Rc4
27. Rxc4 dxc4 28. Kf1 b5 29. axb6 axb6 30. Ke2 b5 31. Kd2 Kf7 32. Kc3 Ke7 33.
f4 Kd7 34. h3 Kc6 35. g4 g6 36. Kd2 Kd5 0-1

[Event "Bronshoj Lang Weekend 2014"]
[Site "Bronshoj"]
[Date "2014.02.10"]
[Round "6"]
[White "Smith, Axel"]
[Black "Semcesen, Daniel"]
[Result "0-1"]
[WhiteElo "2489"]
[BlackElo "2492"]
[PlyCount "86"]
[EventDate "2014.??.??"]
[EventType "swiss"]
[EventRounds "7"]
[EventCountry "DEN"]


1. d4 d5 2. Nf3 Bf5 3. c4 e6 4. Nc3 Nc6 5. Bf4 Nf6 6. e3 Bb4 7. Nd2 O-O 8. Be2
h6 9. O-O dxc4 10. Nxc4 Nd5 11. Nxd5 exd5 12. Nd2 Ne7 13. Nb3 Bd6 14. Bxd6 Qxd6
15. Nc5 b6 16. Nd3 c5 17. dxc5 bxc5 18. Rc1 Rac8 19. Qa4 Rc7 20. Rfd1 Rd8 21.
Qa3 c4 22. Qxd6 Rxd6 23. Ne5 Ra6 24. a3 Rb7 25. Bf3 Rb5 26. g4 Be6 27. e4 dxe4
28. Bxe4 f5 29. Nc6 Nxc6 30. gxf5 Bf7 31. Rd6 Rbb6 32. f6 gxf6 33. Kh1 Kf8 34.
Rxf6 Nd4 35. Rxf7+ Kxf7 36. Rxc4 Rd6 37. Rc7+ Kf6 38. Rh7 Ke5 39. Bd3 Rab6 40.
b4 Nf5 41. Bxf5 Kxf5 42. Rxa7 Ra6 43. Rf7+ Rf6 0-1

[Event "Bronshoj Lang Weekend 2014"]
[Site "Bronshoj"]
[Date "2014.02.10"]
[Round "6"]
[White "Bromann, Thorbjorn"]
[Black "Rydstrom, Tom"]
[Result "1-0"]
[WhiteElo "2399"]
[BlackElo "2163"]
[PlyCount "81"]
[EventDate "2014.??.??"]
[EventType "swiss"]
[EventRounds "7"]
[EventCountry "DEN"]


1. d4 d5 2. Bg5 Nf6 3. e3 h6 4. Bxf6 exf6 5. c4 Bb4+ 6. Nc3 O-O 7. Qb3 Bxc3+ 8.
bxc3 dxc4 9. Bxc4 Nc6 10. Be2 Ne7 11. Bf3 c6 12. Ne2 Qc7 13. Nf4 Bf5 14. O-O
Rfe8 15. c4 Ng6 16. Nxg6 Bxg6 17. a4 Rad8 18. a5 Rd7 19. Qb4 Ree7 20. Qc5 a6
21. Ra2 Qd6 22. Qa7 Qb4 23. Qb8+ Kh7 24. Bxc6 Qxc4 25. Bxd7 Qxa2 26. Qd6 Re4
27. Qc5 Rh4 28. Bc8 Rh5 29. Qc7 Rxa5 30. Bxb7 Qd2 31. Qc1 Qb4 32. Bf3 Ra2 33.
h4 Bd3 34. Rd1 Rb2 35. Qc6 Bb5 36. Qb7 Bc4 37. Qc6 f5 38. d5 Qb5 39. Qc8 Bd3
40. d6 Rb1 41. d7 1-0

[Event "Bronshoj Lang Weekend 2014"]
[Site "Bronshoj"]
[Date "2014.02.10"]
[Round "6"]
[White "Stojanovski, Sandi"]
[Black "Nielsen, Viktor Haarmark"]
[Result "1-0"]
[WhiteElo "2252"]
[BlackElo "2007"]
[PlyCount "97"]
[EventDate "2014.??.??"]
[EventType "swiss"]
[EventRounds "7"]
[EventCountry "DEN"]


1. d4 Nf6 2. c4 c5 3. d5 e6 4. Nc3 exd5 5. cxd5 d6 6. Nf3 g6 7. Bf4 a6 8. a4
Bg7 9. h3 O-O 10. e3 Qe7 11. Nd2 Nbd7 12. Be2 Ne8 13. O-O Ne5 14. Bh2 f5 15.
Rb1 Qc7 16. f4 Nf7 17. g4 Qe7 18. Nc4 Rb8 19. a5 Nf6 20. Bg3 Ne4 21. Nxe4 Qxe4
22. b3 Bd7 23. Bf3 Qe7 24. Qd2 fxg4 25. hxg4 Nh6 26. f5 gxf5 27. Bxd6 Qh4 28.
Qh2 Qxh2+ 29. Kxh2 fxg4 30. Bxb8 Rxb8 31. Bg2 Bb5 32. d6 Bc3 33. Bd5+ Kg7 34.
e4 Kg6 35. Kg2 Kg5 36. Rbd1 Bd4 37. b4 Re8 38. bxc5 Bxc5 39. Rd2 Bb4 40. Rdf2
Bxc4 41. Bxc4 Bxd6 42. Bd5 Bc7 43. Rb2 Bxa5 44. Rxb7 Kg6 45. Ra1 Bc3 46. Rxa6+
Kg5 47. Rxh7 Ng8 48. Bf7 Nf6 49. Rxf6 1-0